000 00371nam a2200133Ia 4500
008 250520s9999 xx 000 0 und d
020 _a9788184951332
100 _aPILLAI, RADHAKRISHNAN
245 0 _aCORPORATE CHANAKYA SUCCESSFUL MANAGEMENT THE CHANAKYA WAY
260 _bJAICO PUBLISHING HOUSE, MUMBAI
_c2013
300 _a317
650 _aManagement
942 _cBK
999 _c221670
_d221670